Eläimiin liittyviä sanontoja #1 - Statistics

Yleistilastot
  • Tätä visaa on pelattu 1 701 kertaa
  • Keskiarvotulos 15 / 20
Vastaustilastot
Sanonta % Oikein
Päästä kuin {koira} veräjästä
99%
Olla {kana} kynittävänä
95%
Terve kuin {pukki}
91%
Olla äimän {käkenä}
90%
Oma {lehmä} ojassa
89%
Ottaa {härkää} sarvista
89%
Veljekset kuin {ilvekset}
86%
Olla {kärpäsenä} katossa
84%
Ei kunnian {kukko} laula
83%
Rahalla saa ja {hevosella} pääsee
83%
{Kissa} kiitoksella elää
80%
Kuin {norsu} posliinikaupassa
77%
Eilisen {teeren} poika
75%
Katkaista {kamelin} selkä
72%
Lauhkea kuin {lammas}
72%
Päästää {sammakko} suustaan
70%
Lähteä niin kuin {hauki} rannasta
68%
{Ketun}häntä kainalossa
65%
Ei tässä {jäniksen} selässä olla
48%
Lukea {madon}luvut
31%
Ehtoja vastaavia visoja ei löytynyt
Tulosjakauma
Jokaisen tuloksen saaneiden osuus
Persentiili vastausten määrän mukaan
Tuloshistoriasi
Et ole pelannut tätä visaa